Strange Case of Dr. Jekyll and Mr. Hyde

Xehetasun bibliografikoak
Egile nagusia: R. L. Stevenson
Gaia:Книга находится в премиум-версии платформы «Русский как иностранный».
In this harrowing tale of good and evil, the mild-mannered Dr. Jekyll develops a potion that unleashes his secret, inner persona – the loathsome, twisted Mr. Hyde. This book is about losing control. It\'s about addiction, about giving in to your darker desires and the struggle that all people go through: wanting to do something and knowing you shouldn\'t.
Argitaratua: Москва, T8RUGRAM, 2018
Gaiak:
Sarrera elektronikoa:Перейти к просмотру издания
Formatua: MixedMaterials Baliabide elektronikoa

MARC

LEADER 00000 a2200000 4500
001 RU/ROS-EDU.RU/84572
856 4 |u https://www.ros-edu.ru/book?id=84572  |z Перейти к просмотру издания 
010 |a 978-5-521-06132-7 
100 |a 20180101d2018 |||y0rusy0250  
105 |a y z 000zy 
101 0 |a rus 
102 |a RU 
200 1 |a Strange Case of Dr. Jekyll and Mr. Hyde  |b Электронный ресурс  |f R. L. Stevenson 
700 1 |b R. L.  |a Stevenson  |4 070 
330 |a In this harrowing tale of good and evil, the mild-mannered Dr. Jekyll develops a potion that unleashes his secret, inner persona – the loathsome, twisted Mr. Hyde. This book is about losing control. It\'s about addiction, about giving in to your darker desires and the struggle that all people go through: wanting to do something and knowing you shouldn\'t. 
210 |a Москва  |c T8RUGRAM  |d 2018 
610 1 |a художественная литература 
610 1 |a английский язык 
610 1 |a зарубежная проза 
610 1 |a классика 
610 1 |a роман 
675 |a 82 
686 |a 84  |2 rubbk 
300 |a Книга находится в премиум-версии платформы «Русский как иностранный». 
215 |a 100 с.